Interaktívny WebGL model hydraulickej sústavy

Saved in:
Bibliographic Details
Main Author: Králik, Martin (Author)
Other Authors: Žáková, Katarína (Thesis advisor)
Format: Manuscript Book
Language:Slovak
Published: 2015
Subjects:
Online Access:http://is.stuba.sk/zp/portal_zp.pl?podrobnosti=88661
Tags: Add Tag
No Tags, Be the first to tag this record!

MARC

LEADER 00000ntm a22000003a 4500
001 stuzp49420
003 SK-STU
005 20160719153254.3
007 ta
008 150427s2015----xo-----f-mn---000-0-slo-d
040 |a STU  |b slo 
041 0 |a slo 
100 1 |a Králik, Martin  |u 035000  |4 aut  |U FEI Fakulta elektrotechniky a informatiky  |T FEI Ústav informatiky a matematiky  |X 8808  |U E050  |Y 816  |7 8808 
242 0 1 |a Interactive WebGL model of the hydraulic system  |y eng 
245 1 0 |a Interaktívny WebGL model hydraulickej sústavy 
260 |c 2015 
300 |a 42 s.  |b CD-ROM 
650 4 |a 3D model  |2 slo 
650 4 |a WebGL  |2 slo 
650 4 |a Hydraulická sústava  |2 slo 
650 4 |a 3D model  |2 eng 
650 4 |a WebGL  |2 eng 
650 4 |a Hydraulic system  |2 eng 
700 1 |a Žáková, Katarína  |4 ths  |X 4948  |7 A000004948 
856 4 |u http://is.stuba.sk/zp/portal_zp.pl?podrobnosti=88661 
996 |b 284ER01687  |c E*Bc- 1687  |l EE31  |s P  |a 0  |w stuzp49420_0001 
SQL |a stuzp49420  |b DBP  |c SLO  |d Interaktívny WebGL model hydraulickej sústavy  |e 8808  |f Králik, Martin  |g 035000  |h 4948  |i Žáková, Katarína  |j 20150706  |k 73  |l 03  |m http://is.stuba.sk/zp/portal_zp.pl?podrobnosti=88661  |n B-API  |o 9.2.9. aplikovaná informatika